000 00433nam a2200169Ia 4500
003 IN-BaIIA
008 211028s9999 xx 000 0 eng d
040 _cIIA Library
080 _a526
_bBOM
100 _aBomford, Brigadier G
_93248
245 0 _aGeodesy
_cG. Bomford
260 _aOxford
_bThe Clarendon Press
_c1952
300 _axiii, 452p.
650 _aAstronomy and astrophysics thesaurus
650 _aGeodesy
942 _cBK
999 _c1633
_d1633